| 000 | 00416nam a2200169Ia 4500 | ||
|---|---|---|---|
| 008 | 220531s9999 xx 000 0 und d | ||
| 041 | _aeng | ||
| 082 | _bMIS / SIN | ||
| 100 |
_aMisra,. H. N. / Singh ,. V. P. _938318 |
||
| 245 | _aResearch Methodology | ||
| 260 |
_bRawat _c1995 |
||
| 300 | _a474 | ||
| 542 | _d02-12-1997 | ||
| 650 |
_aSociology _938319 |
||
| 906 |
_d1997-1998 _f5789 |
||
| 999 |
_c23217 _d23217 |
||